|
|
|
|
| LEADER |
00932nam a22002537a 4500 |
| 001 |
31559 |
| 003 |
BD-DhAAL |
| 005 |
20170129152116.0 |
| 008 |
170126s1998 bg ||||| |||| 00| 0 eng d |
| 040 |
|
|
|a BD-DhAAL
|c BD-DhAAL
|
| 082 |
|
|
|2 23
|a 307.1412095492
|
| 245 |
|
|
|a Working paper series, numbers 22-30 :
|b socioeconomic development and human well-being
|
| 260 |
|
|
|a Dhaka :
|b BRAC-ICDDR,B Joint Research Project,
|c 1998
|
| 300 |
|
|
|a various paging :
|b illustration ;
|c 28 cm.
|
| 490 |
|
|
|a Working paper,
|v no. 22-30
|
| 526 |
|
|
|a AAL
|
| 541 |
|
|
|e 31559
|
| 610 |
|
|
|a BRAC
|9 20963
|
| 650 |
|
|
|a Rural development
|z Bangladesh
|9 20964
|
| 710 |
|
|
|a BRAC-ICDDR,B Joint Research Project
|9 20965
|
| 852 |
|
|
|a Ayesha Abed Library
|
| 942 |
|
|
|2 ddc
|c BK
|
| 999 |
|
|
|c 37948
|d 37948
|
| 952 |
|
|
|0 0
|1 0
|2 ddc
|4 0
|6 307_141209549200000_WOR
|7 1
|8 REF
|9 59967
|a BRACUL
|b BRACUL
|c REF
|d 2017-01-26
|e BRAC
|l 0
|o 307.1412095492 WOR
|p 3010031559
|r 2017-01-26
|t 1
|w 2017-01-26
|y BK
|